000 00403nam a2200169Ia 4500
005 20250423100241.0
008 250422s9999 xx 000 0 und d
020 _a81- 7808 128- 8
050 _aTK 7874.65 .W65/
100 _aWayne Wolf
245 0 _aModern VLSI design systems on silicon
250 _a2nd
260 _bPearson education ltd
260 _c1998
300 _a467 p
942 _cBK
999 _c32736
_d32736